000 00348nam a2200157Ia 4500
003 Ost
005 20260225132558.0
008 260225s9999||||xx |||||||||||||| ||und||
040 _cfsic
041 _afre
082 _a370.15
100 _aAbd elhamid benzine
_eAuteur
245 0 _aLAMBESE /
245 0 _cAbd elhamid benzine
942 _cكتاب
999 _c34617
_d34617